00585nam a22001817a 450000500170000001000290001702000260004603500270007203700130009903700160011208200110012824500630013926000420020227001000024430000240034450000190036870000160038720111108102030.0 aENG-104050 B-457594-623 a9789381385388c650.00 aEN-87583 B-457594-623 bDBAD/PUB bK.K.Pub/Ven a305.42 aChanging role and satatus of women /cedited by Veena Garg aDelhibAncient Publishing Housec2011 a V-75, Street No. 15-A, Vijay Park, Near C-11, Shiv Sadhana Mandir, Yamuna ViharbDelhie110053 avi,272p.c22cm (Hb) aIncludes index aGarg, Veena